000 00695nam a2200217Ia 4500
003 GCL
008 140319s9999 xx 000 0 ara d
020 _a4005340977
040 _aGCL /
_cGCL
082 0 4 _a956.708
_bر ف
100 1 _aرفعت سيد احمد
245 1 0 _aفى رواق الهزيمة الحصاد المر لحرب الخليج /
_cرفعت سيد احمد
250 _aالاولى
260 _aالقاهرة :
_bدار الهدى ،
_c1992
300 _a250 ص ؛
_c24سم
650 0 4 _aالعراق
650 0 4 _aالخليج العربى
650 0 4 _aحرب الخليج
650 0 4 _aالعراق - تاريخ - العصر الحديث
942 _2ddc
_cBK
999 _c47213
_d47213